书目信息 |
| 题名: |
国家工程师资格考试口腔执业医师
|
|
| 作者: | 顾方舟 主编 | |
| 分册: | 中 口腔医学专业课分册 | |
| 出版信息: | 北京 北京科学技术出版社 2001 |
|
| 页数: | 470页 | |
| 开本: | 26cm | |
| 丛书名: | ||
| 单 册: | ||
| 中图分类: | R78 | |
| 科图分类: | ||
| 主题词: | 口腔科学 | |
| 电子资源: | ||
| ISBN: | 7-5304-2528-5 | |
| 000 | 00772nam0 2200217 450 | |
| 001 | 0729867652 | |
| 005 | 20070611084611.34 | |
| 010 | @a7-5304-2528-5@dCNY115.00(上、中、下) | |
| 100 | @a20070609d2001 km y0chiy0120 ea | |
| 101 | 0 | @achi |
| 102 | @aCN@b110000 | |
| 200 | 1 | @a国家工程师资格考试口腔执业医师@Aguo jia gong cheng shi zi ge kao shi kou qiang zhi ye yi shi@e复习应试全书@h中@i口腔医学专业课分册@f顾方舟主编@Fgu fang zhou zhu bian |
| 210 | @a北京@c北京科学技术出版社@d2001 | |
| 215 | @a470页@d26cm | |
| 517 | 1 | @a复习应试全书@Afu xi ying shi quan shu |
| 517 | 1 | @a口腔医学专业课分册@Akou qiang yi xue zhuan ye ke fen ce |
| 606 | 0 | @a口腔科学 |
| 690 | @aR78@v3 | |
| 701 | 0 | @a顾方舟@Agu fang zhou@4主编 |
| 801 | 0 | @aCN@bPFT@c20070611 |
| 905 | @a10447@dR78@e6:2 | |
| 国家工程师资格考试口腔执业医师:复习应试全书.中.口腔医学专业课分册/顾方舟主编.-北京:北京科学技术出版社,2001 |
| 470页;26cm |
| ISBN 7-5304-2528-5:CNY115.00(上、中、下) |
| ● |
| 相关链接 |
|
|
|
|
正题名:国家工程师资格考试口腔执业医师
索取号:R78/6:2
 
预约/预借
| 序号 | 登录号 | 条形码 | 馆藏地/架位号 | 状态 | 备注 |
| 1 | 0513659 | 205136592 | 第二样本阅览室/ [索取号:R78/6:2] | 在馆 |